Normal view
MARC view
Entry Nombre personal
001 - NÚMERO DE CONTROL
- campo de control: 1137
003 - IDENTIFICADOR DE NÚMERO DE CONTROL
- campo de control: DLC
005 - FECHA Y HORA DE LA ÚLTIMA TRANSACCIÓN
- campo de control: 20260428180838.0
008 - ELEMENTOS DE DATO DE LONGITUD-FIJA
- campo de control de longitud fija: 881123n| azannaabn |b aaa c
010 ## - NÚMERO DE CONTROL DE LA BIBLIOTECA DEL CONGRESO
- Número de control de LC: nr 88011717
035 ## - NÚMERO DE CONTROL DEL SISTEMA
- Número de control de sistema: (OCoLC)oca02414633
035 ## - NÚMERO DE CONTROL DEL SISTEMA
- Número de control de sistema: (Uk)005279548
040 ## - FUENTE DE CATALOGACIÓN
- Centro catalogador/agencia de origen: NjP
- Lengua de catalogación: eng
- Normas de descripción: rda
- Centro/agencia transcriptor: NjP
- Centro/agencia modificador: DLC
- Centro/agencia modificador: ICU
- Centro/agencia modificador: Uk
100 1# - ENCABEZAMIENTO-NOMBRE DE PERSONA
- Nombre de persona: Roaf, Michael
400 1# - TRAZADO DE VÉASE--NOMBRE DE PERSONA
- Nombre de persona: Rūf, Māykil
400 1# - TRAZADO DE VÉASE--NOMBRE DE PERSONA
- Nombre de persona: رف، مايکل
670 ## - FUENTE DE DATOS ENCONTRADOS
- Cita de la fuente: Excavations at ʻĀna, 1988:
- Información encontrada: t.p. (Michael Roaf) p. 3, 2nd group (Māykil Rūf)
670 ## - FUENTE DE DATOS ENCONTRADOS
- Cita de la fuente: Naqsh-i barjastahʹhā va ḥajjārān-i Takht-i Jamshīd, 2002 or 2003:
- Información encontrada: t.p. (مايکل رف = Māykil Rūf)
670 ## - FUENTE DE DATOS ENCONTRADOS
- Cita de la fuente: Stories of long ago, 2012:
- Información encontrada: t.p. (Michael D. Roaf)